000
00335 a2200157 4500
001
174011
020
_a
040
_c
Magnum
100
_a
Coutinho, Maria Tereza da Cunha
240
1
0
_a
Psicologia da educacao
_l
por
245
1
0
_a
Psicologia da educacao
362
0
_a
1899
440
1
_a
LĂȘ
697
_a
PSICOLOGIA
942
_c
BK
999
_c
174011
_d
174011